Acta horticulturae et regiotecturae vedecký časopis pre záhradníctvo, krajinné inžinierstvo, architektúru a ekológiu
Guardado en:
| Formato: | Seriadas |
|---|---|
| Lenguaje: | eslovaco |
| Publicado: |
Nitra
Slovenská poľnohospodárska univerzita v Nitre
2006
|
| Materias: | |
| Etiquetas: |
Sin Etiquetas, Sea el primero en etiquetar este registro!
|
MARC
| LEADER | 00000nas2a2200000$$$4500 | ||
|---|---|---|---|
| 001 | 0109192 | ||
| 005 | 20100125144455.2 | ||
| 022 | |a 1335-2563 | ||
| 041 | 0 | |a slo | |
| 044 | |a SK | ||
| 245 | 1 | 0 | |a Acta horticulturae et regiotecturae |b vedecký časopis pre záhradníctvo, krajinné inžinierstvo, architektúru a ekológiu |
| 264 | 1 | |a Nitra |b Slovenská poľnohospodárska univerzita v Nitre |c 2006 | |
| 773 | 0 | |w eu_un_cat*0006870 | |
| 610 | 2 | 0 | |a ekológia |
| 610 | 2 | 0 | |a architektúra |
| 610 | 2 | 0 | |a usporiadanie krajiny |
| 610 | 2 | 0 | |a záhradníctvo |